000 00542nam a2200181Ia 4500
008 240729s9999 xx 000 0 und d
022 _a2620-6390
245 0 _aJurnal Teknologi Informasi dan Pendidikan
260 _aIndonesia
260 _bUniversitas Negeri Padang
650 _a Industrial engineering. Management engineering
650 _a Information technology
650 _a Technology (General)
650 _aTechnology
856 _uhttps://doaj.org/toc/9ceacc48864e4ee28f6e51a71a139548
942 _2ddc
942 _cDOAJEJ
999 _c65955
_d65955
945 _a1
_bMadushi Gamage
_c1
_dMadushi Gamage